000 00274nam a2200121 a 4500
082 0 0 _a297.4
_bAKH
100 _aAkhtar, Mirza Mohd.
245 _aTazkira Auliya -e - Hind
260 _a
500 _aincludes index and biblioraphy
650 _aSufism-Malfoozat
942 _cBK
999 _c2110
_d2110